Subsurface structure of the northeastern fumarole field of the Ebeko Volcano (Paramushir Island) according to the data of geoelectrical and geochemical studies; Russian Journal of Pacific Geology; Vol. 9, iss. 4
| Parent link: | Russian Journal of Pacific Geology Vol. 9, iss. 4.— 2015.— [P. 301-311] |
|---|---|
| Autor Corporativo: | |
| Otros Autores: | , , , |
| Sumario: | Title screen The results of complex studies of the northeastern fumarole field of the Ebeko Volcano (Paramushir Island) are presented. The geochemical study of the thermal sources and potholes evidences the complex composition of the solutions: the high contents of certain chemical elements in the sources cannot be explained only by leaching from the host rocks. To identify the structural features that can lead to accumulation of elements in the thermal solutions, the geophysical study of the northeastern fumarole field of the volcano is carried out by frequency sounding, electric tomography, and temperature surveying along the profile. As a result, the structure of the subsurface space of the thermal field, the structure of the feeders, and the presence of a phase barrier for fluid separation are revealed. The complex of studies makes it possible to explain some features of the geochemical composition of the thermal sources and to describe the evolution of the fluids in the upper segment of the section. Режим доступа: по договору с организацией-держателем ресурса |
| Lenguaje: | inglés |
| Publicado: |
2015
|
| Materias: | |
| Acceso en línea: | http://dx.doi.org/10.1134/S1819714015040077 |
| Formato: | MixedMaterials Electrónico Capítulo de libro |
| KOHA link: | https://koha.lib.tpu.ru/cgi-bin/koha/opac-detail.pl?biblionumber=645542 |
MARC
| LEADER | 00000nla0a2200000 4500 | ||
|---|---|---|---|
| 001 | 645542 | ||
| 005 | 20250326143040.0 | ||
| 035 | |a (RuTPU)RU\TPU\network\10627 | ||
| 035 | |a RU\TPU\network\9830 | ||
| 090 | |a 645542 | ||
| 100 | |a 20151228d2015 k||y0rusy50 ba | ||
| 101 | 0 | |a eng | |
| 102 | |a US | ||
| 135 | |a drcn ---uucaa | ||
| 181 | 0 | |a i | |
| 182 | 0 | |a b | |
| 200 | 1 | |a Subsurface structure of the northeastern fumarole field of the Ebeko Volcano (Paramushir Island) according to the data of geoelectrical and geochemical studies |f G. L. Panin [at al.] | |
| 203 | |a Text |c electronic | ||
| 300 | |a Title screen | ||
| 320 | |a [References: p. 311 (25 tit.)] | ||
| 330 | |a The results of complex studies of the northeastern fumarole field of the Ebeko Volcano (Paramushir Island) are presented. The geochemical study of the thermal sources and potholes evidences the complex composition of the solutions: the high contents of certain chemical elements in the sources cannot be explained only by leaching from the host rocks. To identify the structural features that can lead to accumulation of elements in the thermal solutions, the geophysical study of the northeastern fumarole field of the volcano is carried out by frequency sounding, electric tomography, and temperature surveying along the profile. As a result, the structure of the subsurface space of the thermal field, the structure of the feeders, and the presence of a phase barrier for fluid separation are revealed. The complex of studies makes it possible to explain some features of the geochemical composition of the thermal sources and to describe the evolution of the fluids in the upper segment of the section. | ||
| 333 | |a Режим доступа: по договору с организацией-держателем ресурса | ||
| 461 | |t Russian Journal of Pacific Geology | ||
| 463 | |t Vol. 9, iss. 4 |v [P. 301-311] |d 2015 | ||
| 610 | 1 | |a электронный ресурс | |
| 610 | 1 | |a труды учёных ТПУ | |
| 701 | 1 | |a Panin |b G. L. | |
| 701 | 1 | |a Gora |b M. P. | |
| 701 | 1 | |a Bortnikova |b S. P. |g Sofiya Pavlovna | |
| 701 | 1 | |a Shevko |b E. P. |g Elizaveta Pavlovna | |
| 712 | 0 | 2 | |a Национальный исследовательский Томский политехнический университет (ТПУ) |b Институт природных ресурсов (ИПР) |b Кафедра гидрогеологии, инженерной геологии и гидрогеоэкологии (ГИГЭ) |3 (RuTPU)RU\TPU\col\18664 |
| 801 | 2 | |a RU |b 63413507 |c 20151228 |g RCR | |
| 856 | 4 | |u http://dx.doi.org/10.1134/S1819714015040077 | |
| 942 | |c CF | ||